Carregando...
റോബിന്സണ് ക്രൂസോ
| Autor principal: | |
|---|---|
| Outros Autores: | |
| Formato: | Printed Book |
| Publicado em: |
Thrissur
Green Books
2014
|
| Assuntos: |
| LEADER | 00663nam a22002057a 4500 | ||
|---|---|---|---|
| 003 | OSt | ||
| 020 | |a 8184230206 | ||
| 082 | |a 813.1 |b DEF/RO | ||
| 100 | |a Defoe, Daniel | ||
| 245 | |a റോബിന്സണ് ക്രൂസോ | ||
| 260 | |a Thrissur |b Green Books |c 2014 | ||
| 300 | |a 176 | ||
| 500 | |a Robinson crusoe | ||
| 500 | |a Robinson crooso | ||
| 546 | |a Malayalam | ||
| 650 | |a Novel | ||
| 700 | |a Balachandran, K P, Tr | ||
| 942 | |2 ddc |c BK | ||
| 999 | |c 154988 |d 154988 | ||
| 952 | |0 0 |1 0 |2 ddc |4 0 |6 813_100000000000000_DEFRO |7 0 |8 Gen |9 154060 |a KAUCLV |b KAUCLV |c GENERAL |d 2017-03-10 |g 150.00 |l 2 |o 813.1 DEF/RO |p 226021 |q 2019-08-21 |r 2019-07-17 |s 2019-07-17 |w 2017-03-10 |y BK | ||